OECD Companion to the Inventory of Support Measures for Fossil Fuels 2018

Na minha lista:
Detalhes bibliográficos
Formato: Livro
Idioma:inglês
Publicado em: Paris OECD 2018
Assuntos:
Tags: Adicionar Tag
Sem tags, seja o primeiro a adicionar uma tag!

MARC

LEADER 00000nam a2200000 4500
001 0241765
005 20221220065706.8
020 |a 978-92-64-28603-0 
041 0 |a eng 
044 |a FR 
245 1 0 |a OECD Companion to the Inventory of Support Measures for Fossil Fuels 2018 
264 1 |a Paris  |b OECD  |c 2018 
300 |a 52 s. 
610 2 0 |a palivá fosílne 
610 2 0 |a politika energetická 
610 2 0 |a energetika